00721nam a2200253 a 4500001001300000003000900013005001700022008004100039020001000080082001600090100001400106245005000120260004000170300000900210500003500219505001000254650002300264650002200287700001400309902000800323942000700331952011600338999001300454nice12345678IN_TiNIC20260116011351.0050524s1897 para grp 000 0 fre  ac10000a922.97bMAC aMacoudi,  aLe Livre De L`Avertissement Et De La Revision aParisbL`Imprimerie Nationalec1897 a567p aincludes index and biblioraphy2 aIndex aPhilosophy-Islamic aMacoudi-Biography1 aMacoudi,  bSRS cBK 001040708StackRoom-aHMIbHMId2007-06-06g100.00l0o922.97 MACp03117r2007-06-06v100.00w2005-05-24yBK c905d905